[Event "HUN-chT 2223"]
[Site "Hungary"]
[Date "2023.01.15"]
[Round "7.2"]
[White "Banusz, Tamas"]
[Black "Jovanovic, Zoran"]
[Result "1/2-1/2"]
[WhiteElo "2609"]
[BlackElo "2513"]
[PlyCount "69"]
[EventDate "2022.11.20"]
[EventType "team-tourn"]
[EventRounds "9"]
[EventCountry "HUN"]
[SourceTitle "CBM 213 Extra"]
[Source "ChessBase"]
[SourceDate "2023.05.31"]
[SourceVersion "1"]
[SourceVersionDate "2023.05.31"]
[SourceQuality "1"]
[WhiteTeam "Ajka Sentimento"]
[BlackTeam "Dunaharaszti"]
[WhiteTeamCountry "HUN"]
[BlackTeamCountry "HUN"]

1. d4 d6 2. Nf3 g6 3. c4 Bg7 4. Nc3 Nf6 5. g3 0-0 6. Bg2 Nc6 7. 0-0 e5 8. dxe5 dxe5 9. Be3 Bd7 10. h3 Qc8 11. Kh2 Rd8 12. Qc1 Be6 13. Bg5 Re8 14. Rd1 Nd7 15. Nd5 f6 16. Bh6 Nd8 17. Bxg7 Kxg7 18. Qc3 c6 19. Ne3 Nf7 20. c5 Qc7 21. Nd2 Rad8 22. b4 f5 23. Ndc4 Nf6 24. Kg1 Nd5 25. Qb2 Nxe3 26. Nxe3 Kg8 27. Qc3 Rxd1+ 28. Rxd1 Rd8 29. a3 Rxd1+ 30. Nxd1 e4 31. Nb2 Qe5 32. Qxe5 Nxe5 33. f3 exf3 34. Bxf3 Kf7 35. Kf2 1/2-1/2

[Event "HUN-chT 2223"]
[Site "Hungary"]
[Date "2022.11.20"]
[Round "1.2"]
[White "Sipos, Istvan"]
[Black "Banusz, Tamas"]
[Result "1/2-1/2"]
[WhiteElo "2456"]
[BlackElo "2609"]
[PlyCount "68"]
[EventDate "2022.11.20"]
[EventType "team-tourn"]
[EventRounds "9"]
[EventCountry "HUN"]
[SourceTitle "CBM 211 Extra"]
[Source "ChessBase"]
[SourceDate "2023.01.31"]
[SourceVersion "1"]
[SourceVersionDate "2023.01.31"]
[SourceQuality "1"]
[WhiteTeam "Biatorbagy"]
[BlackTeam "Ajka Sentimento"]
[WhiteTeamCountry "HUN"]
[BlackTeamCountry "HUN"]

1. c4 e6 2. Nc3 d5 3. d4 Nf6 4. Nf3 a6 5. cxd5 exd5 6. Bg5 Be6 7. e3 Nbd7 8. Bd3 c6 9. h3 Bd6 10. 0-0 Qc7 11. Qd2 h6 12. Bf4 g5 13. Bxd6 Qxd6 14. Nh2 Rg8 15. Kh1 g4 16. Ne2 gxh3 17. g3 Ng4 18. Nf4 Nxh2 19. Kxh2 Nf6 20. f3 0-0-0 21. Rg1 h5 22. b4 h4 23. g4 Kd7 24. Kxh3 Ke7 25. Qh2 Bc8 26. a3 Rh8 27. Qc2 b6 28. Rac1 Bd7 29. Bf5 Rc8 30. Qd3 b5 31. Rc2 Rcg8 32. Bxd7 Qxd7 33. Qc3 Rc8 34. Qc5+ Qd6 1/2-1/2